| 000 | nam a22 7a 4500 | ||
|---|---|---|---|
| 999 |
_c332344 _d332344 |
||
| 003 | NUST | ||
| 005 | 20171128094016.0 | ||
| 008 | 171128b xxu||||| |||| 00| 0 eng d | ||
| 040 | _cNUST | ||
| 082 |
_a923.7 _bALI |
||
| 100 |
_aAli, Ehsan _96794 |
||
| 245 |
_aProfessor doctor Ehsan Ali: _bshakhsiyat aur kirdar / _cby Ashir Yousaf Masi'h |
||
| 260 |
_aMardan: _bAdnan printers, _c2012 |
||
| 300 | _a175 p. | ||
| 650 |
_aBiography _9461 |
||
| 880 |
_6100-01\r _aاحسان علی |
||
| 880 |
_6245-02\r _aپروفیسر ڈاکٹر احسان علی: _bشخصیت اور کردار _cآشر یوسف مسیح |
||
| 880 |
_6260-03\r _aمردان: _bعدنان پرنٹرز، _c2012 |
||
| 942 |
_2ddc _cBK |
||